| 000 | 00950njm a22002537a 4500 | ||
|---|---|---|---|
| 005 | 20100830145652.0 | ||
| 006 | a|||||r|||||00| 0 | ||
| 007 | sd ammalaaahaa | ||
| 008 | 100830t xxu||||| |||| 00| 0 eng d | ||
| 028 |
_aN 5990 _bHis Master's voice |
||
| 028 | _aOMH 9253 | ||
| 035 | _aGR-00022 | ||
| 040 |
_aSED _cSED |
||
| 245 |
_aOrchestra gat - plu / _csung by A.I.R Orchestra; compiled and led by D. Amel _h[sound recording] : |
||
| 260 |
_aDum Dum, India _bHis Master's Voice |
||
| 300 |
_a1 sound disc [Gramophone Recording] : _banalog, 33 1/3 rpm _c9.5 in. (MP) _fGramophone Record |
||
| 500 | _aBrief Record | ||
| 505 | _aOrchestra gat (Pintu) -- Orchestra gat (Nayiki Kanda) | ||
| 650 |
_aClassical record _zIndia _917528 _xExcerpts |
||
| 700 |
_aAmel, D. _917529 |
||
| 700 |
_aOrchestra A.I.R _917530 |
||
| 942 |
_2ddc _cGR |
||
| 999 |
_c43144 _d43144 |
||